000 00573nam a2200205Ia 4500
005 20260531145103.0
008 260531s9999 xx 000 0 und d
020 _a8122413609
041 _aEnglish
082 _a621.397:681.846 GUL
100 _aGulati (R R)
245 0 _aModern Television Practice
_bPrinciples, Technology and Servicing
250 _a2
260 _bNew Age International (P)Limited
_aNew Delhi
_c2002
300 _bPaper Back
_a593+15
365 _b275
563 _aPaper Back
650 _a Television and Video Engineering
942 _cBK
999 _c195014
_d195014